Marx in the mid- twentieth century

Đã lưu trong:
Sonraí Bibleagrafaíochta
Príomhúdar: Petrovic, Gajo
Formáid: Leabhar
Teanga:Undetermined
Foilsithe: New York Doubleday & Company, Inc. 1967
Ábhair:
Clibeanna: Cuir Clib Leis
Gan Chlibeanna, Bí ar an gcéad duine leis an taifead seo a chlibeáil!
Thư viện lưu trữ: Trung tâm Học liệu Trường Đại học Cần Thơ
LEADER 00506nam a2200181Ia 4500
001 CTU_80399
008 210402s9999 xx 000 0 und d
082 |a 335.41 
082 |b P497 
100 |a Petrovic, Gajo 
245 0 |a Marx in the mid- twentieth century 
245 0 |c Gajo Petrovic 
260 |a New York 
260 |b Doubleday & Company, Inc. 
260 |c 1967 
650 |a Communism,Marx, karl, 1818-1883 
904 |i Trọng Hải 
980 |a Trung tâm Học liệu Trường Đại học Cần Thơ